Beating the virus : (Record no. 18291)
[ view plain ]
| 000 -LEADER | |
|---|---|
| fixed length control field | 01132nam a22002297a 4500 |
| 005 - DATE AND TIME OF LATEST TRANSACTION | |
| control field | 20260227105302.0 |
| 008 - FIXED-LENGTH DATA ELEMENTS--GENERAL INFORMATION | |
| fixed length control field | 231003b ||||| |||| 00| 0 eng d |
| 082 ## - DEWEY DECIMAL CLASSIFICATION NUMBER | |
| Classification number | DPer 658.3005 H880 February-November 2020 v. 23 n. 1-5 |
| 100 ## - MAIN ENTRY--PERSONAL NAME | |
| Personal name | McGuire, David. |
| Relator term | author. |
| 9 (RLIN) | 49418 |
| 245 ## - TITLE STATEMENT | |
| Title | Beating the virus : |
| Remainder of title | an examination of the crisis communication approach taken by New Zealand Prime Minister Jacinda Ardern during the Covid-19 pandemic / |
| Statement of responsibility, etc. | David McGuire, James E. A. Cunningham, Kae Reynolds, and Gerri Matthews-Smith. |
| 260 ## - PUBLICATION, DISTRIBUTION, ETC. (IMPRINT) | |
| Place of publication, distribution, etc. | United Kingdom ; |
| Name of publisher, distributor, etc. | Taylor & Francis Group , |
| Date of publication, distribution, etc. | August 2020. |
| 300 ## - PHYSICAL DESCRIPTION | |
| Extent | Volume 23, pages 361-379 : |
| Other physical details | illustration ; |
| Dimensions | 25 cm. |
| 500 ## - GENERAL NOTE | |
| General note | Human Resource Development International Enhancing, performance, learning and integrity, vol. 23, no. 4, pages 361-379, August 2020. |
| 650 ## - SUBJECT ADDED ENTRY--TOPICAL TERM | |
| Topical term or geographic name as entry element | Leadership. |
| 9 (RLIN) | 49419 |
| 650 ## - SUBJECT ADDED ENTRY--TOPICAL TERM | |
| Topical term or geographic name as entry element | Viruses. |
| 9 (RLIN) | 49420 |
| 650 ## - SUBJECT ADDED ENTRY--TOPICAL TERM | |
| Topical term or geographic name as entry element | Empathy. |
| 9 (RLIN) | 49421 |
| 700 ## - ADDED ENTRY--PERSONAL NAME | |
| Personal name | McGuire, David. |
| Relator term | author. |
| 9 (RLIN) | 49418 |
| 700 ## - ADDED ENTRY--PERSONAL NAME | |
| Personal name | Cunningham, James E. A. |
| Relator term | author. |
| 9 (RLIN) | 49422 |
| 700 ## - ADDED ENTRY--PERSONAL NAME | |
| Personal name | Reynolds, Kae. |
| Relator term | author. |
| 9 (RLIN) | 49423 |
| 700 ## - ADDED ENTRY--PERSONAL NAME | |
| Personal name | Matthews-Smith, Gerri. |
| Relator term | author. |
| 9 (RLIN) | 49424 |
| 942 ## - ADDED ENTRY ELEMENTS (KOHA) | |
| Source of classification or shelving scheme | Dewey Decimal Classification |
| Koha item type | Periodicals |
| Withdrawn status | Lost status | Source of classification or shelving scheme | Damaged status | Not for loan | Collection code | Home library | Current library | Date acquired | Total Checkouts | Full call number | Date last seen | Price effective from | Koha item type | Public note |
|---|---|---|---|---|---|---|---|---|---|---|---|---|---|---|
| Dewey Decimal Classification | Periodicals | UM Digos College - LIC | UM Digos College - LIC | 10/03/2023 | DPer 658.3005 H880 February-November 2020 v. 23 n. 1-5 | 10/03/2023 | 10/03/2023 | Periodicals | Periodical Article |
